Kossuth Lajos és a reformkorszak
Elmentve itt :
| Szerző: | |
|---|---|
| Dokumentumtípus: | Cikk |
| Megjelent: |
1948
|
| Sorozat: | Honvéd : katonai folyóirat
3 No. 1 |
| Kulcsszavak: | Kossuth Lajos, Hadtudomány |
| Online Access: | http://misc.bibl.u-szeged.hu/14254 |
| LEADER | 00571nab a2200169 i 4500 | ||
|---|---|---|---|
| 001 | misc14254 | ||
| 005 | 20191106141806.0 | ||
| 008 | 170607s1948 hu o 0|| hun d | ||
| 040 | |a SZTE Miscellanea Repozitórium |b hun | ||
| 041 | |a hun | ||
| 100 | 1 | |a Révai József | |
| 245 | 1 | 0 | |a Kossuth Lajos és a reformkorszak |h [elektronikus dokumentum] / |c Révai József |
| 260 | |c 1948 | ||
| 300 | |a 7-11 | ||
| 490 | 0 | |a Honvéd : katonai folyóirat |v 3 No. 1 | |
| 695 | |a Kossuth Lajos, Hadtudomány | ||
| 856 | 4 | 0 | |u http://misc.bibl.u-szeged.hu/14254/1/honved_003_001_007-011.pdf |z Dokumentum-elérés |